| 000 | 00685nam a2200229Ia 4500 | ||
|---|---|---|---|
| 003 | OSt | ||
| 005 | 20220926022018.0 | ||
| 006 | a|||||r|||| 00| 0 | ||
| 007 | ta | ||
| 008 | 220923b |||||||| |||| 00| 0 eng d | ||
| 037 | _cGeneral Book | ||
| 040 |
_aRTL _cRTL _beng |
||
| 041 |
_2eng _aeng |
||
| 082 | _aV1N45,93:3.N69, K9.3/UN | ||
| 110 |
_aUNITED NATIONS,POPULATION COMMISSION _9326078 |
||
| 245 | 0 | _aReport of the fifteenth session. | |
| 260 |
_aNew York _bUnited Nations _c1970 |
||
| 300 |
_av,67p. _ccm. |
||
| 700 |
_aUNITED NATIONS,POPULATION COMMISSION _9326079 |
||
| 942 |
_hV1N45,93:3.N69, K9.3/UN _cGB _2CC |
||
| 999 |
_c638260 _d638260 |
||